Paryaavaran sanrakshan maiin bhartiye niyaamko ki bhumika: aik adhyayan (Record no. 508089)
[ view plain ]
| 000 -LEADER | |
|---|---|
| fixed length control field | 00429nam a2200145 4500 |
| 008 - FIXED-LENGTH DATA ELEMENTS--GENERAL INFORMATION | |
| fixed length control field | 190307b ||||| |||| 00| 0 eng d |
| 100 ## - MAIN ENTRY--PERSONAL NAME | |
| Personal name | Misra, Kamlesh Narayan |
| 245 ## - TITLE STATEMENT | |
| Title | Paryaavaran sanrakshan maiin bhartiye niyaamko ki bhumika: aik adhyayan |
| 260 ## - PUBLICATION, DISTRIBUTION, ETC. (IMPRINT) | |
| Date of publication, distribution, etc | 2018 |
| 300 ## - PHYSICAL DESCRIPTION | |
| Extent | p.219-225. |
| 700 ## - ADDED ENTRY--PERSONAL NAME | |
| Personal name | Shukal, Sudhir Kumar |
| 9 (RLIN) | 3141 |
| 773 ## - HOST ITEM ENTRY | |
| Main entry heading | Lok Prashasan |
| 906 ## - LOCAL DATA ELEMENT F, LDF (RLIN) | |
| Subject DIP | Environmental protection |
| 942 ## - ADDED ENTRY ELEMENTS (KOHA) | |
| Source of classification or shelving scheme | |
| Item type | Articles |
| Withdrawn status | Lost status | Source of classification or shelving scheme | Damaged status | Not for loan | Permanent location | Current location | Date acquired | Serial Enumeration / chronology | Barcode | Date last seen | Koha item type |
|---|---|---|---|---|---|---|---|---|---|---|---|
| Indian Institute of Public Administration | Indian Institute of Public Administration | 2019-03-07 | 10(2), Jul-Dec, 2018: p.219-225. | AR119188 | 2019-03-07 | Articles |
